00321nam a2200133Ia 450000500170000000800460001703700120006304000200007504100130009508400170010824500430012526000090016830000100017720250508162534.0008 250505s9999 xx 000 0 eng d aTextual aFEDLbengcFEDL aeng2eng aB, ALLqFEDL 0aSvetlana allilueva : The faraway music c1984 a192p.